01004nam a2200217 a 45000010008000000030004000080050017000120080041000290100017000700150010000870200023000970400018001200500029001380820019001671000027001862450042002132600042002553000029002975200447003266500013007731374455LC 20160229100710.0820310s1980 enka 000 1 eng  a 81116204  aGB*** a0586050396c£7.95 aDLCcDLCdDLC00aPR 6073.A413b.W177 198000aFICbW15m 19801 aWalker, Martin,d1947-12aA mercenary calling /cMartin Walker. aLondon ;aNew York :bGranada,c1980. a349 p. ;bill. ;c23 cm. aAngola, a cauldron of civil war, where America, Russia, Cuba and South Africa watch and wait, ready to make their bid for mastery. Ex-sas Man David Maddox is called in by British Intelligence to act as troubleshooter in an intricate and explosive crisis. But when an intelligence leak cripples his strike force, Maddox begins to wonder just who his friends are. He even doubts the beautiful black goddess, Mia, who gives him so much pleasure. aFiction